000
00289nam a22001097a 4500
040
_c
SY
082
_a
333
100
_a
វុន វ៉ារី
245
_a
ការគ្រប់គ្រង និងអភិរក្សធនធាន
260
_a
RUA
_b
វុន
_c
2011
942
_c
KB
999
_c
9800
_d
9800